000 00452cam a22001934a 4500
005 20250605164333.0
008 250528s ||||||||||||||||||||||||d
035 _a23320
020 _a9780415352321
040 _aGR-AtMCL
_bgre
_dGR-AtMCL
_eAACR2
245 1 _aChildhood in Global History
250 _a3rd
260 _bRouledge,
_c2009
300 _a146
700 1 _aStearns Peter
_98723
942 _cBK
999 _c8346
_d8346